| 000 | 00435nam a2200157 a 4500 | ||
|---|---|---|---|
| 001 | 4356 | ||
| 003 | CDMR | ||
| 005 | 20151016134202.0 | ||
| 008 | 130130s2003||||||||||||||||||||||||||||d | ||
| 040 |
_aCDMR _bcat _cCDMR |
||
| 245 | 3 |
_aEl Periódico _b: 25 anys amb els lectors |
|
| 260 |
_c2003 _bEl Periódico _aBarcelona |
||
| 610 | 2 |
_9946 _aPeriódico de Catalunya _xHistòria |
|
| 740 | 0 | _aVint-i-cinc anys amb els lectors | |
| 942 |
_cMON _2udc |
||
| 999 |
_c4356 _d4356 |
||